Les couronnes des clubs - Statistiques

Statistiques générales
  • Ce quiz a été pris 43 fois
  • Le résultat moyen est 4 sur 13
Statistiques - réponses
Par images Réponse % Correct
Real Madrid
100%
Monaco
83%
Espanyol
45%
Real Betis
38%
Braga
25%
Reims
18%
Osasuna
13%
Charleroi
10%
Valladolid
10%
Cadix
8%
Liège
8%
Nice
5%
Boavista
3%
Aucun quiz correspondant
Distribution des résultats
% des personnes avec chaque résultat
Percentile par nombre de réponses
Votre historique - résultats
Vous n’avez pas pris ce quiz